Normal view
MARC view
- Ghosh, Subir Smith, William Bschucany, William R
Entry Personal Name
001 - CONTROL NUMBER
- control field: 75191
003 - CONTROL NUMBER IDENTIFIER
- control field: NUST
005 - DATE AND TIME OF LATEST TRANSACTION
- control field: 20210628205354.0
008 - FIXED-LENGTH DATA ELEMENTS
- fixed length control field: 210628|| aca||aabn | a|a d
040 ## - CATALOGING SOURCE
- Original cataloging agency: NUST
- Transcribing agency: NUST
100 ## - HEADING--PERSONAL NAME
- Personal name: Ghosh, Subir Smith, William Bschucany, William R
670 ## - SOURCE DATA FOUND
- Source citation: Work cat.: (NUST): Ghosh, Subir Smith, William Bschucany, William R, Statistics of quality, 1997
